000 00513nam a2200169 i 4500
001 52125
003 ES-MaACL
005 20230906162527.0
007 t|
008 030826s1971 sp ||||1| spa d
100 1 _aChauchard, Paul.
_938194
245 1 0 _aAlma o cerebro
_b: ¿qué es el hombre? /
_cPaul Chauchard ; [traducción, Sylvia Suárez].
260 _a[Madrid] :
_bIberoamericanas,
_c[1971]
300 _a166 p. ;
_c17 cm.
700 1 _aSuárez, Sylvia.
_9108582
852 _aES-MaACL
_jC-42097
_bR.78296
999 _c52125
_d52125